2022 1st Place Soccer Club in Every League - Statistics

General Stats
  • This quiz has been taken 74 times
  • The average score is 12 of 25
Answer Stats
League Country Champion % Correct
Premier League England Manchester City
100%
Bundesliga Germany Bayern Munich
99%
Ligue 1 France Paris Saint-Germain
96%
La Liga Spain Real Madrid
94%
Serie A Italy AC Milan
91%
Eredivisie Netherlands Ajax
89%
Liga Portugal Portugal Porto
81%
Premiership Scotland Celtic
64%
Primer Division (Phase 2) Argentina Boca Juniors
53%
Super League Greece Olympiacos
50%
Bundesliga Austria RB Salzburg
49%
Liga MX (Apertura) Mexico Club America
46%
Premier League Russia Zenit
43%
Super League Switzerland Basel
40%
MLS (West) USA & Canada Los Angeles
39%
Premier League Ukraine Shakhtar Donetsk
37%
Superliga Denmark Copenhagen
33%
First League (Championship Round) Czechia Viktoria Plzen
29%
Brasiliero Brazil Palmeiras
26%
Pro League Belgium Gent
24%
Süper Lig Turkey Trabzonspor
20%
Liga MX (Clausura) Mexico Pachuca
11%
MLS (East) USA & Canada Philadelphia Union
11%
Allsvenskan Sweden Häcken
4%
Primer Division (Phase 1) Argentina Racing Club
4%
No matching quizzes found
Score Distribution
Percent of People with Each Score
Percentile by Number Answered
Your Score History
You have not taken this quiz